I don't wanna take my French test - Statistics

General Stats
  • This quiz has been taken 9 times
  • The average score is 29 of 60
Answer Stats
Hint Answer % Correct
Milk Le Lait
100%
Banana La Banane
75%
Strawberry La Fraise
75%
Ice Cream La Glace
75%
Coffee Le Café
75%
Chocolate Le Chocolat
75%
Elcair L'éclair
75%
Fish Le Poisson
75%
Apple Le Pomme
75%
Snails Les Escargots
75%
Wine Le Vin
75%
Beer La Bière
50%
Carrot La Carotte
50%
Shrimp La Crevette
50%
Raspberry La Framboise
50%
7up La Limonade
50%
1,000 Layered Cake La Mille-Feuille
50%
Mussel La Moule
50%
Watermelon La Pastèque
50%
Pastry La Pâtisserie
50%
Peach La Pêche
50%
Pear La Poire
50%
Beef Le Bœuf
50%
Duck Le Canard
50%
Mushroom Le Champignon
50%
Cabbage Le Chou
50%
Cauliflower Le Chou-fleur
50%
Lemon Le Citron
50%
Lime Le Citron Vert
50%
Soda (Dark) Le Coca
50%
Turkey Le Dindon
50%
Cake Le Gâteau
50%
Lobster Le Homard
50%
Ham Le Jambon
50%
Juice Le Jus
50%
Sheep Le Mouton
50%
Grapefruit Le Pamplemousse
50%
Pork Le Porc
50%
Chicken Le Poulet
50%
Grape Le Raisin
50%
Salmon Le Saumon
50%
Drinks Les Boissons
50%
Spinach Les épinards
50%
Tea Le Thé
50%
Tuna Le Thon
50%
Veal Le Veau
50%
Goose L'Oïe
50%
Seafood Fruits De Mer
25%
Lemonade la Citron Pressé
25%
Chocolate Covered Cream Puff La Réligeuse
25%
Poultry La Volaille
25%
Water L'eau
25%
Cookie Le Bisquit
25%
Potato Le Pomme De Tere
25%
Cream Puff Les Choux à La Crème
25%
Fruits Les Fruits
25%
Beans Les Haricots
25%
Vegetables Les Légumes
25%
Desserts Les Desserts
0%
Meat Viandes
0%
No matching quizzes found
Score Distribution
Percent of People with Each Score
Percentile by Number Answered
Your Score History
You have not taken this quiz